000 00860nam a2200253Ia 4500
003 OSt
005 20220923211234.0
006 a|||||r|||| 00| 0
007 ta
008 Pun
020 _a9788171436064 (hbk)
_c150
024 _a281,285
037 _b855, 14/08/2014, H.K. Prakashan
_cTextual
040 _aARTS
_cARTS
_bPun
041 _2Pun
_aPun
082 _aO153:g(X:3M24), Q3
100 _aਸਿੰਘ, ਕੁਲਵੰਤ
_9156291
245 0 _aਨਵ ਮਾਰਕਸਵਾਦੀ ਸਾਹਿਤ ਆਲੋਚਨਾ
260 _aਅੰਮ੍ਰਿਤਸਰ
_b ਰਵੀ ਸਾਹਿਤ ਪੰਕਾFਨ
_c2013
300 _a128ਪੰ
_ccm.
650 _aਪੰਜਾਬੀ ਸਾਹਿਤ
942 _hO153:g(X:3M24), Q3
_cTEXL
_2CC
999 _c297470
_d297470